[Event "Frankfurt-chA"]
[Site "Frankfurt"]
[Date "2019.06.17"]
[Round "7"]
[White "Fischer, Lutz"]
[Black "Zimmer, Gerald"]
[Result "1/2-1/2"]
[WhiteElo "1557"]
[BlackElo "1854"]
[PlyCount "93"]
[EventDate "2019.04.29"]
[EventType "swiss"]
[EventRounds "7"]
[EventCountry "GER"]
[SourceTitle "EXT 2020"]
[Source "ChessBase"]
[SourceDate "2019.10.17"]
[SourceVersion "1"]
[SourceVersionDate "2019.10.17"]
[SourceQuality "1"]

1. e4 c5 2. Nf3 Nc6 3. Bb5 d6 4. Bxc6+ bxc6 5. 0-0 e5 6. c3 Nf6 7. d4 cxd4 8. cxd4 Qc7 9. dxe5 dxe5 10. Qc2 Bb7 11. a3 Be7 12. b4 c5 13. Bb2 Bxe4 14. Qa4+ Bc6 15. b5 Bxf3 16. gxf3 0-0 17. Nd2 Rfd8 18. Nc4 Nd7 19. Rfe1 Bf6 20. Qc2 Re8 21. Qf5 g6 22. Qe4 Rab8 23. a4 Re6 24. Ne3 Bg7 25. Rac1 a6 26. Qc4 axb5 27. axb5 Qa5 28. Red1 Nb6 29. Qxc5 Na4 30. Ra1 Nxc5 31. Rxa5 Nb3 32. Ra6 Nd4 33. Rxe6 Nxe6 34. Rd5 Nc7 35. Rc5 Rxb5 36. Rc2 Ne6 37. Ng4 h5 38. Ne3 Nd4 39. Rc8+ Kh7 40. Bxd4 exd4 41. Nc4 Rb1+ 42. Kg2 Rc1 43. Nd6 Rc3 44. Rd8 Rc7 45. Nb5 Rc4 46. Nd6 Rc7 47. Nb5 1/2-1/2

[Event "Hofheim Spring op-B 7th"]
[Site "Hofheim"]
[Date "2019.04.27"]
[Round "9"]
[White "Weiland, Thomas"]
[Black "Fischer, Lutz"]
[Result "1-0"]
[WhiteElo "1820"]
[BlackElo "1675"]
[PlyCount "41"]
[EventDate "2019.04.23"]
[EventType "swiss"]
[EventRounds "9"]
[EventCountry "GER"]
[SourceTitle "CBM 190 Extra"]
[Source "ChessBase"]
[SourceDate "2019.07.15"]
[SourceVersion "1"]
[SourceVersionDate "2019.07.15"]
[SourceQuality "1"]

1. f4 d5 2. Nf3 Nf6 3. e3 g6 4. Be2 Bg7 5. 0-0 0-0 6. d4 b6 7. Nbd2 Ba6 8. Bxa6 Nxa6 9. a3 c5 10. c3 c4 11. Ne5 Nb8 12. b3 b5 13. a4 b4 14. Bb2 Qa5 15. cxb4 Qxb4 16. Ba3 Qc3 17. Re1 Re8 18. bxc4 dxc4 19. Ndxc4 Nd5 20. Rc1 Nxe3 21. Rxe3 1-0

[Event "Hofheim Spring op-B 7th"]
[Site "Hofheim"]
[Date "2019.04.26"]
[Round "6"]
[White "Fischer, Lutz"]
[Black "Emig, Nils"]
[Result "0-1"]
[WhiteElo "1675"]
[BlackElo "1812"]
[PlyCount "52"]
[EventDate "2019.04.23"]
[EventType "swiss"]
[EventRounds "9"]
[EventCountry "GER"]
[SourceTitle "CBM 190 Extra"]
[Source "ChessBase"]
[SourceDate "2019.07.15"]
[SourceVersion "1"]
[SourceVersionDate "2019.07.15"]
[SourceQuality "1"]

1. e4 c5 2. Nf3 e6 3. d4 cxd4 4. Nxd4 Nc6 5. Nc3 Qc7 6. Be3 a6 7. Qd2 Nf6 8. f3 b5 9. a3 Bb7 10. 0-0-0 Rc8 11. g4 b4 12. axb4 Bxb4 13. g5 Nh5 14. Nde2 Ne5 15. Bg2 Nc4 16. Qd3 Nxe3 17. Qxe3 Bc6 18. Qd4 Be7 19. h4 Bb5 20. Rd2 Bxe2 21. Nxe2 a5 22. Rhd1 d6 23. f4 e5 24. fxe5 dxe5 25. Qd7+ Qxd7 26. Rxd7 Rd8 0-1

[Event "Hofheim Spring op-B 7th"]
[Site "Hofheim"]
[Date "2019.04.26"]
[Round "7"]
[White "Henkel, Volker"]
[Black "Fischer, Lutz"]
[Result "1-0"]
[WhiteElo "1869"]
[BlackElo "1675"]
[PlyCount "43"]
[EventDate "2019.04.23"]
[EventType "swiss"]
[EventRounds "9"]
[EventCountry "GER"]
[SourceTitle "CBM 190 Extra"]
[Source "ChessBase"]
[SourceDate "2019.07.15"]
[SourceVersion "1"]
[SourceVersionDate "2019.07.15"]
[SourceQuality "1"]

1. d4 d5 2. c4 Nc6 3. cxd5 Qxd5 4. Nf3 e5 5. Nc3 Bb4 6. e3 exd4 7. Nxd4 Nxd4 8. Qxd4 Qxd4 9. exd4 Bg4 10. Bc4 0-0-0 11. Be3 f6 12. 0-0 a6 13. Rac1 Ne7 14. f3 Bh5 15. Ne2 g5 16. Ng3 Bg6 17. Rfd1 f5 18. Bxg5 Rde8 19. Bf6 f4 20. Ne2 Rhf8 21. Bg7 Rf5 22. Be6+ 1-0

[Event "Hofheim Spring op-B 7th"]
[Site "Hofheim"]
[Date "2019.04.25"]
[Round "4"]
[White "Hipler, Andreas"]
[Black "Fischer, Lutz"]
[Result "1/2-1/2"]
[WhiteElo "1863"]
[BlackElo "1675"]
[PlyCount "58"]
[EventDate "2019.04.23"]
[EventType "swiss"]
[EventRounds "9"]
[EventCountry "GER"]
[SourceTitle "CBM 190 Extra"]
[Source "ChessBase"]
[SourceDate "2019.07.15"]
[SourceVersion "1"]
[SourceVersionDate "2019.07.15"]
[SourceQuality "1"]

1. d4 d5 2. Nf3 Nf6 3. e3 c6 4. Bd3 Bg4 5. Nbd2 e6 6. 0-0 Bd6 7. b3 0-0 8. Bb2 Bf5 9. Be2 h6 10. c4 b6 11. Rc1 Nbd7 12. Ne5 Rc8 13. cxd5 cxd5 14. Nc6 Qe8 15. Nxa7 Rxc1 16. Bxc1 Qb8 17. Nc6 Qc7 18. Ne5 Nxe5 19. dxe5 Bxe5 20. Nf3 Bc2 21. Qe1 Bc3 22. Bd2 Ne4 23. Bd1 Nxd2 24. Nxd2 Bb1 25. a4 Bd3 26. Be2 Bc2 27. Bd1 Bd3 28. Be2 Bc2 29. Bd1 Bd3 1/2-1/2

[Event "Hofheim Spring op-B 7th"]
[Site "Hofheim"]
[Date "2019.04.24"]
[Round "3"]
[White "Schroeder, Stefan1111"]
[Black "Fischer, Lutz"]
[Result "0-1"]
[WhiteElo "1760"]
[BlackElo "1675"]
[PlyCount "116"]
[EventDate "2019.04.23"]
[EventType "swiss"]
[EventRounds "9"]
[EventCountry "GER"]
[SourceTitle "CBM 190 Extra"]
[Source "ChessBase"]
[SourceDate "2019.07.15"]
[SourceVersion "1"]
[SourceVersionDate "2019.07.15"]
[SourceQuality "1"]

1. e4 e6 2. d4 d5 3. Nd2 Nc6 4. e5 Nxd4 5. Ngf3 Nxf3+ 6. Nxf3 c5 7. Be2 Ne7 8. 0-0 Nc6 9. c3 Qc7 10. Re1 Bd7 11. Bd3 0-0-0 12. a3 f6 13. Bf4 h6 14. Bg6 f5 15. Nh4 Ne7 16. b4 c4 17. a4 Be8 18. Bxe8 Rxe8 19. Qh5 Qd7 20. Be3 Kb8 21. Ng6 Nxg6 22. Qxg6 Rc8 23. Bd4 Qe8 24. Qg3 g5 25. f3 f4 26. Qf2 a6 27. Bb6 Be7 28. b5 a5 29. Kh1 Bd8 30. Bxd8 Qxd8 31. b6 Qe7 32. Reb1 Qc5 33. Qxc5 Rxc5 34. Rb5 Rhc8 35. Kg1 R8c6 36. Rxc5 Rxc5 37. Kf2 Kc8 38. g3 Kd7 39. gxf4 gxf4 40. Rb1 Rc8 41. Rg1 Rf8 42. Rg6 Rf5 43. Rxh6 Rxe5 44. h4 Re3 45. h5 Re5 46. Rh8 Kc6 47. h6 Rh5 48. h7 Kxb6 49. Re8 Rxh7 50. Rxe6+ Kc5 51. Rf6 Rh4 52. Rf8 Rh2+ 53. Ke1 Rc2 54. Rxf4 Rxc3 55. Kd2 Rd3+ 56. Kc2 Kb4 57. Rf8 Kxa4 58. f4 b5 0-1

[Event "Hofheim Spring op-B 6th"]
[Site "Hofheim"]
[Date "2018.04.07"]
[Round "8"]
[White "Fischer, Lutz"]
[Black "Wuestehube, Harry"]
[Result "0-1"]
[WhiteElo "1707"]
[BlackElo "1901"]
[PlyCount "68"]
[EventDate "2018.04.03"]
[EventType "swiss"]
[EventRounds "9"]
[EventCountry "GER"]
[SourceTitle "EXT 2020"]
[Source "ChessBase"]
[SourceDate "2019.10.17"]
[SourceVersion "1"]
[SourceVersionDate "2019.10.17"]
[SourceQuality "1"]

1. e4 d6 2. d4 Nf6 3. Nc3 g6 4. Nf3 Bg7 5. Be3 c6 6. Qd2 b5 7. a3 a6 8. Rd1 Qc7 9. h3 Nbd7 10. b4 Bb7 11. Be2 0-0 12. 0-0 Rac8 13. Bf4 e5 14. Bh2 Rfe8 15. dxe5 dxe5 16. Qe3 c5 17. Nd5 Bxd5 18. exd5 cxb4 19. axb4 Qxc2 20. Rd2 Qe4 21. Qa3 Bf8 22. Qxa6 Qxb4 23. Rdd1 e4 24. Ne5 Ra8 25. Nc6 Rxa6 26. Nxb4 Bxb4 27. Bxb5 Rb6 28. Bc6 Bc3 29. Rc1 Be5 30. g3 Rb2 31. Ra1 Kg7 32. Ra7 Rd8 33. g4 Bxh2+ 34. Kxh2 Ne5 0-1

[Event "Hofheim Spring op-B 6th"]
[Site "Hofheim"]
[Date "2018.04.07"]
[Round "9"]
[White "Schwichtenberg, Juergen"]
[Black "Fischer, Lutz"]
[Result "1/2-1/2"]
[WhiteElo "1768"]
[BlackElo "1707"]
[PlyCount "37"]
[EventDate "2018.04.03"]
[EventType "swiss"]
[EventRounds "9"]
[EventCountry "GER"]
[SourceTitle "EXT 2020"]
[Source "ChessBase"]
[SourceDate "2019.10.17"]
[SourceVersion "1"]
[SourceVersionDate "2019.10.17"]
[SourceQuality "1"]

1. b4 d5 2. e3 e5 3. Bb2 Nd7 4. b5 Ngf6 5. c4 Bb4 6. Qb3 Ba5 7. cxd5 0-0 8. Ba3 Re8 9. Ne2 Nb6 10. Nec3 Nbxd5 11. Nxd5 Nxd5 12. Bc4 Be6 13. 0-0 Nb6 14. d3 Rc8 15. Bb2 c6 16. a4 Nxc4 17. dxc4 cxb5 18. Rd1 Qc7 19. axb5 1/2-1/2

[Event "Hofheim Spring op-B 6th"]
[Site "Hofheim"]
[Date "2018.04.05"]
[Round "5"]
[White "Porstendoerfer, Yannik"]
[Black "Fischer, Lutz"]
[Result "1-0"]
[WhiteElo "1317"]
[BlackElo "1707"]
[PlyCount "89"]
[EventDate "2018.04.03"]
[EventType "swiss"]
[EventRounds "9"]
[EventCountry "GER"]
[SourceTitle "EXT 2020"]
[Source "ChessBase"]
[SourceDate "2019.10.17"]
[SourceVersion "1"]
[SourceVersionDate "2019.10.17"]
[SourceQuality "1"]

1. d4 d5 2. Bf4 Nf6 3. e3 g6 4. Nd2 Bg7 5. Bd3 0-0 6. Ngf3 Nbd7 7. c3 c5 8. Qe2 Re8 9. 0-0-0 c4 10. Bc2 b5 11. Ne5 a5 12. Ndf3 Qb6 13. Nxd7 Nxd7 14. Ne5 b4 15. h4 h5 16. Qd2 b3 17. axb3 cxb3 18. Bb1 a4 19. g4 Nxe5 20. gxh5 Nc4 21. Qe2 Nxb2 22. hxg6 fxg6 23. Kxb2 a3+ 24. Ka1 b2+ 25. Ka2 Ba6 26. Bd3 Reb8 27. Bxb8 Rxb8 28. Qc2 e5 29. Bxa6 Qxa6 30. Qd3 Qa4 31. c4 e4 32. Qxa3 Qxa3+ 33. Kxa3 dxc4 34. Ka2 c3 35. Kb1 Kf7 36. Kc2 Rc8 37. h5 g5 38. h6 Bh8 39. Rdg1 Kg6 40. Rg4 Kf5 41. Rhg1 Bf6 42. h7 Rb8 43. h8Q Bxh8 44. Rxg5+ Ke6 45. Rc5 1-0

[Event "Hofheim Spring op-B 6th"]
[Site "Hofheim"]
[Date "2018.04.04"]
[Round "2"]
[White "Fischer, Lutz"]
[Black "Gerber, Ingo"]
[Result "0-1"]
[WhiteElo "1707"]
[BlackElo "1529"]
[PlyCount "56"]
[EventDate "2018.04.03"]
[EventType "swiss"]
[EventRounds "9"]
[EventCountry "GER"]
[SourceTitle "EXT 2020"]
[Source "ChessBase"]
[SourceDate "2019.10.17"]
[SourceVersion "1"]
[SourceVersionDate "2019.10.17"]
[SourceQuality "1"]

1. e4 e5 2. Nf3 Nf6 3. Nxe5 Qe7 4. d4 d6 5. Nf3 Nxe4 6. Be3 d5 7. Bd3 Nc6 8. 0-0 Bg4 9. Re1 0-0-0 10. Nbd2 Nxd2 11. Bxd2 Qd7 12. c3 Bd6 13. b4 Rhe8 14. Be2 f6 15. a4 Re7 16. a5 Rde8 17. b5 Nb8 18. Qb3 Rxe2 19. Be3 Bxf3 20. gxf3 Rxe1+ 21. Rxe1 Qh3 22. a6 Bxh2+ 23. Kh1 Bg3+ 24. Kg1 Qh2+ 25. Kf1 Qh1+ 26. Ke2 Rxe3+ 27. fxe3 Qxe1+ 28. Kd3 Qf1+ 0-1

[Event "Eschborn op"]
[Site "Eschborn"]
[Date "2017.10.14"]
[Round "3"]
[White "Fischer, Lutz"]
[Black "Kail, Sindy"]
[Result "0-1"]
[WhiteElo "1614"]
[BlackElo "1850"]
[PlyCount "74"]
[EventDate "2017.10.13"]
[EventType "swiss"]
[EventRounds "5"]
[EventCountry "GER"]
[SourceTitle "EXT 2019"]
[Source "ChessBase"]
[SourceDate "2018.10.10"]
[SourceVersion "1"]
[SourceVersionDate "2018.10.10"]
[SourceQuality "1"]

1. e4 c5 2. Nf3 d6 3. Bb5+ Nd7 4. d4 cxd4 5. Qxd4 a6 6. Bxd7+ Bxd7 7. 0-0 e5 8. Qd3 Rc8 9. Nc3 Nf6 10. Rd1 h6 11. h3 b5 12. a3 Be6 13. Be3 Be7 14. Qe2 Qc7 15. Rac1 Qc6 16. Nd2 0-0 17. f3 d5 18. exd5 Nxd5 19. Nxd5 Bxd5 20. Bf2 Rfe8 21. Ne4 Bc4 22. Qe1 f5 23. Ng3 Bg5 24. Rb1 e4 25. Nxf5 exf3 26. Qc3 Qg6 27. Qxf3 Rf8 28. g4 Be6 29. Rd6 Qf7 30. Qe4 Rce8 31. Bd4 Ba2 32. Qd3 Bxb1 33. Bxg7 Be3+ 34. Kg2 Qb7+ 35. Rd5 Bxc2 36. Qxc2 Qxd5+ 37. Kg3 Rxf5 0-1

[Event "Eschborn op"]
[Site "Eschborn"]
[Date "2017.10.14"]
[Round "1"]
[White "Fischer, Lutz"]
[Black "Neukirchner, Pascal"]
[Result "0-1"]
[WhiteElo "1614"]
[BlackElo "2103"]
[PlyCount "54"]
[EventDate "2017.10.13"]
[EventType "swiss"]
[EventRounds "5"]
[EventCountry "GER"]
[SourceTitle "EXT 2019"]
[Source "ChessBase"]
[SourceDate "2018.10.10"]
[SourceVersion "1"]
[SourceVersionDate "2018.10.10"]
[SourceQuality "1"]

1. e4 c5 2. Nf3 g6 3. c3 d5 4. Bb5+ Bd7 5. Bxd7+ Qxd7 6. exd5 Qxd5 7. d4 Bg7 8. 0-0 cxd4 9. Nxd4 Bxd4 10. cxd4 Nc6 11. Be3 Nf6 12. Nc3 Qd7 13. Qa4 0-0 14. Rad1 Nd5 15. Bh6 Rfd8 16. Ne2 Nb6 17. Qa3 Qd6 18. Qc3 Rac8 19. b3 e5 20. Qd2 Nxd4 21. Nxd4 exd4 22. Be3 d3 23. Bf4 Qd4 24. Rfe1 Rc2 25. Qe3 Qxe3 26. Rxe3 d2 27. Re2 Rc1 0-1

[Event "Frankfurt-chA"]
[Site "Frankfurt"]
[Date "2017.06.12"]
[Round "7"]
[White "Fischer, Lutz"]
[Black "Lehmann, Gerit"]
[Result "1-0"]
[WhiteElo "1609"]
[BlackElo "1568"]
[PlyCount "83"]
[EventDate "2017.04.24"]
[EventType "swiss"]
[EventRounds "7"]
[EventCountry "GER"]
[SourceTitle "EXT 2018"]
[Source "ChessBase"]
[SourceDate "2017.10.13"]
[SourceVersion "1"]
[SourceVersionDate "2017.10.13"]
[SourceQuality "1"]

1. e4 d5 2. exd5 Nf6 3. d4 Nxd5 4. c4 Nf6 5. Nf3 Bf5 6. Nc3 e6 7. Be2 c6 8. 0-0 Be7 9. a3 0-0 10. Nh4 a5 11. Nxf5 exf5 12. Be3 Na6 13. Qc2 g6 14. Rad1 Qc7 15. h3 Rfd8 16. Rd3 Rd7 17. Rfd1 Rad8 18. Bf3 Bd6 19. Bg5 Kg7 20. Qc1 Re8 21. c5 Be7 22. Bf4 Qc8 23. Na4 Bd8 24. Be5 Bc7 25. Bxc7 Qxc7 26. Nb6 Rde7 27. Qc3 Kg8 28. Qxa5 Nd7 29. Nc4 Qxa5 30. Nxa5 Nf6 31. Rb3 Re1+ 32. Rxe1 Rxe1+ 33. Kh2 Ne4 34. Bxe4 Rxe4 35. Rxb7 Rxd4 36. Nxc6 Rd2 37. Ne7+ Kf8 38. c6 Rc2 39. b4 Rxf2 40. c7 Nxc7 41. Rxc7 Ra2 42. Ra7 1-0

[Event "Frankfurt-chA"]
[Site "Frankfurt"]
[Date "2017.05.22"]
[Round "5"]
[White "Friedel, Thomas"]
[Black "Fischer, Lutz"]
[Result "0-1"]
[WhiteElo "1481"]
[BlackElo "1609"]
[PlyCount "96"]
[EventDate "2017.04.24"]
[EventType "swiss"]
[EventRounds "7"]
[EventCountry "GER"]
[SourceTitle "EXT 2018"]
[Source "ChessBase"]
[SourceDate "2017.10.13"]
[SourceVersion "1"]
[SourceVersionDate "2017.10.13"]
[SourceQuality "1"]

1. e4 c5 2. Nf3 e6 3. Nc3 a6 4. a4 Nc6 5. Bc4 Nf6 6. d3 d5 7. exd5 exd5 8. Bb3 h6 9. h3 Be7 10. Bf4 0-0 11. 0-0 Be6 12. Re1 Rc8 13. Ba2 Qb6 14. b3 Nh5 15. Bh2 Nf6 16. Ne2 Nd7 17. Nf4 Nb4 18. Nxe6 fxe6 19. Ne5 Nxe5 20. Bxe5 Rf5 21. c3 Nc6 22. Bg3 e5 23. Bb1 Rcf8 24. d4 e4 25. f3 cxd4 26. cxd4 Nxd4 27. Bf2 Bc5 28. a5 Qf6 29. Ra2 Nxf3+ 30. gxf3 Qg5+ 31. Kh1 Bxf2 32. Rxf2 Qg3 33. Rh2 Qxf3+ 34. Qxf3 Rxf3 35. Bc2 e3 36. Bd1 Rf1+ 37. Rxf1 Rxf1+ 38. Kg2 Rxd1 39. Kf3 d4 40. Rc2 Rf1+ 41. Ke4 Rd1 42. Kf3 Kf7 43. Rc7+ Ke6 44. Rxb7 Rf1+ 45. Ke2 Rf2+ 46. Kd3 Rd2+ 47. Ke4 e2 48. Rb6+ Kf7 0-1

[Event "Frankfurt-chA"]
[Site "Frankfurt"]
[Date "2017.05.02"]
[Round "2"]
[White "Fischer, Lutz"]
[Black "Kulenovic, Adnan"]
[Result "0-1"]
[WhiteElo "1609"]
[BlackElo "1821"]
[PlyCount "48"]
[EventDate "2017.04.24"]
[EventType "swiss"]
[EventRounds "7"]
[EventCountry "GER"]
[SourceTitle "EXT 2018"]
[Source "ChessBase"]
[SourceDate "2017.10.13"]
[SourceVersion "1"]
[SourceVersionDate "2017.10.13"]
[SourceQuality "1"]

1. e4 e6 2. d4 d5 3. e5 Ne7 4. Bd3 c5 5. c3 Nec6 6. Nf3 Nd7 7. a3 cxd4 8. cxd4 f6 9. 0-0 Be7 10. Nh4 g6 11. Bh6 f5 12. Nf3 Rg8 13. Nc3 Nb6 14. Rc1 g5 15. Nxg5 Bxg5 16. Qh5+ Rg6 17. Bxg5 Qxg5 18. Qxg5 Rxg5 19. Nb5 Rg7 20. Nd6+ Kd8 21. Be2 Nxd4 22. Bh5 Nc6 23. f4 Nc4 24. Rf2 Nxd6 0-1

[Event "Frankfurt-chA"]
[Site "Frankfurt"]
[Date "2017.04.24"]
[Round "1"]
[White "Egenolf, Dirk"]
[Black "Fischer, Lutz"]
[Result "1-0"]
[WhiteElo "1939"]
[BlackElo "1609"]
[PlyCount "75"]
[EventDate "2017.04.24"]
[EventType "swiss"]
[EventRounds "7"]
[EventCountry "GER"]
[SourceTitle "EXT 2018"]
[Source "ChessBase"]
[SourceDate "2017.10.13"]
[SourceVersion "1"]
[SourceVersionDate "2017.10.13"]
[SourceQuality "1"]

1. e4 e6 2. d3 Bc5 3. Nf3 d5 4. e5 Ne7 5. a4 a5 6. c3 Ba7 7. Na3 c6 8. d4 Nd7 9. Bd3 Ng6 10. h4 h5 11. Bxg6 fxg6 12. Qc2 Nf8 13. b4 axb4 14. cxb4 Qe7 15. Rb1 Bd7 16. 0-0 Rc8 17. Qd3 Qf7 18. b5 cxb5 19. Nxb5 Bxb5 20. Qxb5+ Nd7 21. Qxb7 Rb8 22. Qc6 0-0 23. Rxb8 Nxb8 24. Qb5 Rc8 25. Be3 Qd7 26. Qxd7 Nxd7 27. Rb1 Rb8 28. Rxb8+ Nxb8 29. Ng5 Nc6 30. Nxe6 Kf7 31. Ng5+ Ke7 32. Nf3 Ke6 33. Kf1 Na5 34. Ke2 Bb6 35. Nd2 Nc6 36. Kd3 Nb4+ 37. Kc3 Ba5 38. Nb3 1-0

[Event "Frankfurt-chA"]
[Site "Frankfurt"]
[Date "2016.04.25"]
[Round "1"]
[White "Fischer, Lutz"]
[Black "Biegel, Thomas"]
[Result "0-1"]
[WhiteElo "1640"]
[BlackElo "1946"]
[PlyCount "136"]
[EventDate "2016.04.25"]
[EventType "swiss"]
[EventRounds "9"]
[EventCountry "GER"]
[SourceTitle "EXT 2018"]
[Source "ChessBase"]
[SourceDate "2017.10.13"]
[SourceVersion "1"]
[SourceVersionDate "2017.10.13"]
[SourceQuality "1"]

1. e4 g6 2. d4 Bg7 3. Nf3 d6 4. Nc3 a6 5. Be3 b5 6. a4 b4 7. Ne2 Bb7 8. Ng3 Nf6 9. Bd3 Nbd7 10. 0-0 c5 11. c3 bxc3 12. bxc3 0-0 13. h3 c4 14. Bc2 a5 15. Qd2 Re8 16. Rab1 Qc7 17. Rb2 Reb8 18. Rfb1 e6 19. Qe2 d5 20. Nd2 Bc6 21. e5 Ne8 22. Nf3 Rxb2 23. Rxb2 Nb6 24. Qf1 Rb8 25. Qb1 Nd7 26. h4 Rxb2 27. Qxb2 Nb6 28. h5 Bxa4 29. hxg6 Bxc2 30. gxf7+ Qxf7 31. Qxc2 Nc7 32. Qb1 Nca8 33. Ng5 Qg6 34. Qxg6 hxg6 35. Nxe6 a4 36. Bc1 Kf7 37. Nxg7 Kxg7 38. Nf1 Nc7 39. Nd2 Kf7 40. f4 Ne6 41. Nb1 Ng7 42. g4 Ke6 43. Kf2 Ne8 44. Ke2 Nc7 45. Kd2 Nb5 46. Kc2 Nc8 47. Kb2 Ne7 48. Be3 Nc6 49. Bf2 Na5 50. Na3 Na7 51. Be3 Nb3 52. Nxc4 dxc4 53. d5+ Kxd5 54. Bxa7 Nd2 55. Bd4 Nf3 56. Ka3 Nxd4 57. cxd4 c3 58. f5 gxf5 59. gxf5 Kxd4 60. e6 c2 61. Kb2 Kd3 62. e7 Kd2 63. e8Q c1Q+ 64. Ka2 Qc2+ 65. Ka1 Qc3+ 66. Ka2 Qc4+ 67. Ka1 Kc2 68. Qe5 Qf1+ 0-1

[Event "Frankfurt-chA"]
[Site "Frankfurt"]
[Date "2015.06.15"]
[Round "7"]
[White "Fischer, Lutz"]
[Black "John, Volkmar"]
[Result "1/2-1/2"]
[WhiteElo "1663"]
[BlackElo "1540"]
[PlyCount "98"]
[EventDate "2015.04.27"]
[EventType "swiss"]
[EventRounds "7"]
[EventCountry "GER"]
[SourceTitle "EXT 2016"]
[Source "ChessBase"]
[SourceDate "2015.10.08"]
[SourceVersion "1"]
[SourceVersionDate "2015.10.08"]
[SourceQuality "1"]

1. e4 c5 2. Nf3 d6 3. Bb5+ Nc6 4. Bxc6+ bxc6 5. 0-0 e5 6. c3 Nf6 7. Re1 Be7 8. d4 cxd4 9. cxd4 Qc7 10. dxe5 dxe5 11. Nc3 Bg4 12. Re3 0-0 13. Qc2 Rac8 14. h3 Be6 15. Na4 Rfd8 16. a3 Nh5 17. Rc3 f6 18. Be3 Nf4 19. Kh2 g5 20. Bc5 Bxc5 21. Nxc5 Bf7 22. Rc1 Rd6 23. Na6 Qb6 24. Nb4 Be8 25. g3 Ne6 26. Nd5 Qd8 27. Ne3 Nd4 28. Qd1 Nb5 29. Qe1 Nxc3 30. Qxc3 Bd7 31. Qc5 Be6 32. Qxa7 Qd7 33. Qxd7 Rxd7 34. g4 Rb8 35. h4 Rxb2 36. Nc4 Rxf2+ 37. Kg3 Rxf3+ 38. Kxf3 Rd3+ 39. Ke2 Rg3 40. hxg5 Rxg4 41. gxf6 Rxe4+ 42. Kd3 Bf5 43. Ne3 Rd4+ 44. Ke2 Be4 45. Rc5 Kf7 46. Rxe5 Kxf6 47. Ng4+ Kg6 48. Ke3 Ra4 49. Rxe4 Rxa3+ 1/2-1/2

[Event "Frankfurt-chA"]
[Site "Frankfurt"]
[Date "2015.05.18"]
[Round "4"]
[White "Fischer, Lutz"]
[Black "Kuhn, Gerhard"]
[Result "1/2-1/2"]
[WhiteElo "1663"]
[BlackElo "1912"]
[PlyCount "110"]
[EventDate "2015.04.27"]
[EventType "swiss"]
[EventRounds "7"]
[EventCountry "GER"]
[SourceTitle "EXT 2016"]
[Source "ChessBase"]
[SourceDate "2015.10.08"]
[SourceVersion "1"]
[SourceVersionDate "2015.10.08"]
[SourceQuality "1"]

1. e4 c6 2. d4 d5 3. e5 Bf5 4. Nf3 e6 5. Be2 c5 6. Be3 Qb6 7. Nc3 Nc6 8. Na4 Qa5+ 9. c3 c4 10. Nh4 Nge7 11. 0-0 Bg6 12. Bd2 Nf5 13. Nxg6 hxg6 14. b3 b5 15. Nb2 Ba3 16. Rb1 Bxb2 17. Rxb2 Qc7 18. bxc4 bxc4 19. Qa4 0-0 20. Rfb1 Nfxd4 21. cxd4 Nxd4 22. Bc3 Qxe5 23. Bxc4 dxc4 24. Qxc4 Rfd8 25. Rd2 Qf5 26. Rbd1 Rac8 27. Qa4 Ne2+ 28. Rxe2 Rxd1+ 29. Qxd1 Rxc3 30. Rd2 Rc8 31. h3 Qc5 32. Rd8+ Kh7 33. Rd2 Qc1 34. Qxc1 Rxc1+ 35. Kh2 Rc7 36. Kg3 g5 37. Kf3 Kg6 38. Ke4 Rc5 39. Rd7 Ra5 40. Rd2 Kf6 41. g3 Ra4+ 42. Kd3 Ke5 43. Re2+ Kd5 44. Kc3 f5 45. Kb3 Ra6 46. Rd2+ Ke5 47. Re2+ Kd5 48. Rd2+ Ke5 49. Re2+ Kf6 50. Kb4 e5 51. a4 e4 52. a5 Ke5 53. Rc2 Rf6 54. Rc7 a6 55. Rxg7 Rf8 1/2-1/2

[Event "Hofheim Spring op-B 3rd"]
[Site "Hofheim"]
[Date "2015.04.09"]
[Round "5"]
[White "Fischer, Lutz"]
[Black "Jayakumar, Nivesh"]
[Result "0-1"]
[WhiteElo "1747"]
[BlackElo "1666"]
[PlyCount "70"]
[EventDate "2015.04.07"]
[EventType "swiss"]
[EventRounds "9"]
[EventCountry "GER"]
[SourceTitle "CBM 166 Extra"]
[Source "ChessBase"]
[SourceDate "2015.06.18"]
[SourceVersion "1"]
[SourceVersionDate "2015.06.18"]
[SourceQuality "1"]

1. e4 c5 2. Nf3 d6 3. Bb5+ Bd7 4. Bxd7+ Qxd7 5. c4 a6 6. a4 Nc6 7. d4 cxd4 8. Nxd4 g6 9. 0-0 Bg7 10. Be3 Nf6 11. Nc3 Ng4 12. Nc2 Nxe3 13. Nxe3 e6 14. Qd2 0-0 15. Ne2 Rfd8 16. Rad1 Qc7 17. Kh1 Qb6 18. Nc2 Qxb2 19. Rb1 Qa2 20. Rxb7 Qxc4 21. Rc1 Qxe4 22. Nb4 Na5 23. Rbc7 Nb3 24. f3 Qf5 25. Qd1 Nxc1 26. Qxc1 Rab8 27. Ng3 Qf6 28. Nc6 Qb2 29. Nxd8 Qxc1+ 30. Rxc1 Rxd8 31. Rc6 a5 32. Ne4 d5 33. Nc5 Rb8 34. g4 Rb1+ 35. Kg2 Rc1 0-1

[Event "Hofheim Spring op-B 3rd"]
[Site "Hofheim"]
[Date "2015.04.09"]
[Round "4"]
[White "Weber, Andreas"]
[Black "Fischer, Lutz"]
[Result "1-0"]
[WhiteElo "1912"]
[BlackElo "1747"]
[PlyCount "71"]
[EventDate "2015.04.07"]
[EventType "swiss"]
[EventRounds "9"]
[EventCountry "GER"]
[SourceTitle "CBM 166 Extra"]
[Source "ChessBase"]
[SourceDate "2015.06.18"]
[SourceVersion "1"]
[SourceVersionDate "2015.06.18"]
[SourceQuality "1"]

1. e4 e6 2. Qe2 c5 3. d4 cxd4 4. c3 Nc6 5. Nf3 dxc3 6. Nxc3 Bb4 7. Qc2 d5 8. a3 Qa5 9. Bd2 d4 10. Nb5 Bxd2+ 11. Nxd2 a6 12. Nd6+ Ke7 13. N6c4 Qc7 14. Rc1 Bd7 15. b4 Rc8 16. Na5 Qb8 17. Qc5+ Ke8 18. Nac4 b6 19. Nxb6 Rc7 20. Ndc4 Nge7 21. Nd6+ Kf8 22. Bxa6 Ra7 23. b5 Nd8 24. Qxd4 e5 25. Qc5 Ne6 26. Nxd7+ Rxd7 27. Qxe5 Qxd6 28. Qc3 Nc5 29. Qxc5 Qd2+ 30. Kf1 Qd1+ 31. Rxd1 Rxd1+ 32. Ke2 Rxh1 33. b6 f6 34. b7 Kf7 35. Bc4+ Ke8 36. b8Q+ 1-0

[Event "Karl Mala Memorial op-A 17th"]
[Site "Frankfurt"]
[Date "2014.08.03"]
[Round "6"]
[White "Syed, Tareq"]
[Black "Fischer, Lutz"]
[Result "1-0"]
[WhiteElo "2027"]
[BlackElo "1727"]
[PlyCount "75"]
[EventDate "2014.07.31"]
[EventType "swiss"]
[EventRounds "7"]
[EventCountry "GER"]
[SourceTitle "EXT 2015"]
[Source "ChessBase"]
[SourceDate "2014.11.20"]
[SourceVersion "1"]
[SourceVersionDate "2014.11.20"]
[SourceQuality "1"]

1. d3 d5 2. g3 Nf6 3. Bg2 e6 4. Nd2 c5 5. e4 Nc6 6. Ngf3 Be7 7. 0-0 0-0 8. Re1 Re8 9. e5 Nd7 10. Nf1 f6 11. exf6 Bxf6 12. Ne3 Nde5 13. Nxe5 Nxe5 14. f4 Nc6 15. c3 g6 16. Ng4 Bg7 17. Ne5 Nxe5 18. fxe5 Bd7 19. h4 Qc7 20. Bf4 Qb6 21. Re2 d4 22. c4 Bc6 23. Bxc6 Qxc6 24. Re4 Rf8 25. a3 Rf7 26. b4 b6 27. b5 Qc7 28. a4 Raf8 29. a5 h6 30. axb6 axb6 31. Qg4 Kh7 32. Qxe6 Re7 33. Qg4 Rf5 34. e6 Qc8 35. Rae1 Qf8 36. Bd6 h5 37. Qe2 Rf3 38. Kg2 1-0